• 首页
  • 本馆介绍
  • 公告通知
  • 最新文献
  • 馆藏检索
  • 电子资源
  • 读者导购
  • 参考咨询
  • 我的图书馆
  • 登录
  • 详细信息显示
  • 放入我的书架
  • 预约/预借图书
  • 作者相关作品
  • 分类相关作品
  • 丛书相关作品
  • 出版社相关作品

书目信息

  • 表格格式
  • 工作单格式
  • 卡片格式
题名:
化学与人类
    
 
作者: 刘旦初 著
分册:  
出版信息: 上海   复旦大学出版社  2004
页数: 273页
开本: 23cm
丛书名:
单 册:
中图分类: O6-05
科图分类:
主题词: 化学与人类--理论基础
电子资源:
ISBN: 7-309-02448-6
000 00765nam0 2200229 45
001 012000024070
005 20050412163349.7
010    @a7-309-02448-6@dCNY22.00
100    @a20000605d2004 em y0chiy0121 ea
101 0  @achi
102    @aCN@b310000
105    @ay z 000yy
200 1  @a化学与人类@Ahua xue yu ren lei@f刘旦初著@FLiu Dan Chu Zhu
205    @a2版
210    @a上海@c复旦大学出版社@d2004
215    @a273页@d23cm
330    @a本书分七章,分别叙述化学在人类的生存、发展中的重要地位,以及所作出的贡献。同时也叙述了化学对于提高人类生活质量所作出的贡献,即化学为人类源源不断地提供新材料、新工艺。
606 0  @a化学与人类@x理论基础
690    @aO6-05@v4
701  0 @a刘旦初@4著
801  0 @aCN@bNLC@c20000609
905    @f5@b348546-550@dO6-05@e280=2
    
    化学与人类/刘旦初著.-2版.-上海:复旦大学出版社,2004
    273页;23cm
    
    
    ISBN 7-309-02448-6:CNY22.00
    本书分七章,分别叙述化学在人类的生存、发展中的重要地位,以及所作出的贡献。同时也叙述了化学对于提高人类生活质量所作出的贡献,即化学为人类源源不断地提供新材料、新工艺。
●
相关链接 在E读中查询图书 在五车中查询图书 在当当中查询图书 在豆瓣中查询图书


正题名:化学与人类     索取号:O6-05/280=2         预约/预借

序号 登录号 条形码 馆藏地/架位号 状态 备注
1 0348546   203485460   第二样本阅览室/ [索取号:O6-05/280=2] 在馆    
2 0348547   203485479   第三借阅区/ [索取号:O6-05/280=2] 在馆    
3 0348548   203485488   第三借阅区/ [索取号:O6-05/280=2] 在馆    
4 0348549   203485497   第三借阅区/ [索取号:O6-05/280=2] 在馆    
5 0348550   203485503   第三借阅区/ [索取号:O6-05/280=2] 在馆    
唐山师范学院图书馆 欢迎您!
大连网信软件有限公司© 版权所有